Kardashian's Kuiz - Statistics

General Stats
  • This quiz has been taken 1,896 times
  • The average score is 9 of 15
Answer Stats
Clue Answer % Correct
Which sister posed for Playboy? Kim
99%
Who is the only Kardashian to be still married? Khloe
91%
Which sister posed for PETA? Khloe
90%
Which sister appeared on Filthy Rich Cattle Drive? Kourtney
85%
What is the Kardashian's store called? DASH
71%
Who are the two youngest children of Kris and Bruce? Kylie and Kendall
69%
Who was Robert Kardashian Senior infamously a lawyer for? OJ Simpson
64%
What country was Robert Kardashian senior from? Armenia
62%
Who is Kim currently dating? Kanye West
56%
What is Kim Kardashian's biggest fear? spiders
56%
Which 2 Kardashian's appeared on Dancing With The Stars? Kim Rob
42%
Who is the youngest member of the family? Penelope
40%
Where was Kourtney when she found out she was pregnant? Miami
25%
What is Kourtney Kardashian's middle name? Mary
20%
What is the newest book released by the sisters called? Dollhouse
4%
No matching quizzes found
Score Distribution
Percent of People with Each Score
Percentile by Number Answered
Your Score History
You have not taken this quiz